000
00280nam a2200121Ia 4500
008
190216s9999||||xx |||||||||||||| ||und||
100
_a
Musaraf Alam Suki
245
0
_a
Hindi-Pokeman Ki Duniya
260
_b
Neha Prakashan
_c
2008
300
_a
206
650
_a
Hindi
942
_c
BK
999
_c
16654
_d
16654